Statistics for New Hollywood Actors

Click here to take the quiz!

General Stats

  • This quiz has been taken 243 times
  • The average score is 6 of 10

Answer Stats

HintAnswer% Correct
The Godfather | Serpico | Dog Day AfternoonAl Pacino
96%
Mean Streets | The Godfather Part II | Taxi DriverRobert De Niro
91%
Bonnie and Clyde | The French Connection | The ConversationGene Hackman
67%
Midnight Cowboy | Deliverance | Coming HomeJon Voight
64%
The Deer Hunter | Manhattan | Kramer vs. KramerMeryl Streep
64%
Jeremiah Johnson | The Sting | Three Days of the CondorRobert Redford
61%
Catch-22 | Badlands | Apocalypse NowMartin Sheen
60%
Love Story | What's Up, Doc? | Paper MoonRyan O'Neal
46%
They Shoot Horses, Don't They? | Klute | The China SyndromeJane Fonda
43%
The Last Picture Show | The Exorcist | Alice Doesn't Live Here AnymoreEllen Burstyn
30%

Score Distribution

Percentile by Number Answered

Percent of People with Each Score

Your Score History

You have not taken this quiz